The empty pot : (Record no. 476)

MARC details
000 -LEADER
fixed length control field 01278nam a22003737a 4500
001 - CONTROL NUMBER
control field 476
003 - CONTROL NUMBER IDENTIFIER
control field FISKH
005 - DATE AND TIME OF LATEST TRANSACTION
control field 20250513083313.0
008 - FIXED-LENGTH DATA ELEMENTS--GENERAL INFORMATION
fixed length control field 230426b cb ||||| |||| 00| 0 eng d
010 ## - LIBRARY OF CONGRESS CONTROL NUMBER
LC control number 2013040639
020 ## - INTERNATIONAL STANDARD BOOK NUMBER
International Standard Book Number 9781410966971 (pb)
020 ## - INTERNATIONAL STANDARD BOOK NUMBER
International Standard Book Number 9780805049008
020 ## - INTERNATIONAL STANDARD BOOK NUMBER
International Standard Book Number 9781410967114 (big book)
040 ## - CATALOGING SOURCE
Original cataloging agency DLC
Language of cataloging eng
Transcribing agency DLC
Description conventions rda
Modifying agency DLC
-- FISKH
050 00 - LIBRARY OF CONGRESS CALL NUMBER
Classification number GR335
Item number .G83 2015
082 00 - DEWEY DECIMAL CLASSIFICATION NUMBER
Classification number 398.20951
Edition number 23
100 1# - MAIN ENTRY--PERSONAL NAME
Personal name Guillain, Charlotte.
245 14 - TITLE STATEMENT
Title The empty pot :
Remainder of title a Chinese folk tale /
Statement of responsibility, etc. written by Charlotte Guillain ; illustrated by Steve Dorado.
250 ## - EDITION STATEMENT
Edition statement First Square Fish edition, February 2012
260 ## - PUBLICATION, DISTRIBUTION, ETC.
Place of publication, distribution, etc. New York :
Name of publisher, distributor, etc. Square Fish,
Date of publication, distribution, etc. 1990
300 ## - PHYSICAL DESCRIPTION
Extent 30 unnumbered pages :
Other physical details color illustrations ;
Dimensions 26 cm.
336 ## - CONTENT TYPE
Content type term text
Source rdacontent
337 ## - MEDIA TYPE
Media type term unmediated
Source rdamedia
338 ## - CARRIER TYPE
Carrier type term volume
Source rdacarrier
490 0# - SERIES STATEMENT
Series statement Folk tales from around the world
505 ## - FORMATTED CONTENTS NOTE
Formatted contents note P
520 ## - SUMMARY, ETC.
Summary, etc. When Ping admits that he is the only child in China unable to grow a flower from the seeds distributed by the Emperor, he is rewarded for his honesty.
521 8# - TARGET AUDIENCE NOTE
Target audience note 630 <br/>
Source Lexile AD
521 8# - TARGET AUDIENCE NOTE
Target audience note P<br/>
Source Raz-Plus
650 #0 - SUBJECT ADDED ENTRY--TOPICAL TERM
Topical term or geographic name entry element Tales
Geographic subdivision China.
906 ## - LOCAL DATA ELEMENT F, LDF (RLIN)
a 7
b cbc
c orignew
d 1
e ecip
f 20
g y-gencatlg
942 ## - ADDED ENTRY ELEMENTS (KOHA)
Source of classification or shelving scheme Dewey Decimal Classification
Koha item type Books
Suppress in OPAC No
Holdings
Withdrawn status Lost status Source of classification or shelving scheme Damaged status Not for loan Collection Home library Current library Shelving location Date acquired Total Checkouts Full call number Barcode Date last seen Copy number Price effective from Koha item type
    Dewey Decimal Classification     Juvenile Fiction Footprints International School Library Network Toul Kork Campus Footprints International School Library Network Toul Kork Campus TK Primary Library Room(4th Floor), Bookcase 3&4, Shelves 17-32, Yellow Books 05/13/2025   DEM 398.2 PZ8.D38 E FISTK01471 05/13/2025 1 05/13/2025 Books